Loading...
| Religion | 2 | 1 | 0 | 1 | 40 | 15 | 70.00 | 2 | 2 | 0.00 | 0.00 |
| Social Science | 2 | 1 | 0 | 0 | 40 | 34 | 49.33 | 3 | 3 | 0.00 | 0.00 |
| Science - Other | 2 | 1 | 0 | 0 | 40 | 42 | 64.67 | 2 | 3 | 0.00 | 0.00 |
| Mythology | 0 | 3 | 0 | 0 | 30 | 88 | 95.00 | 1 | 3 | 0.00 | 0.00 |
| Science - Physics | 0 | 3 | 0 | 0 | 30 | 50 | 65.00 | 2 | 3 | 0.00 | 0.00 |
| History - American | 1 | 1 | 0 | 0 | 25 | 62 | 86.00 | 1 | 2 | 0.00 | 0.00 |
| Science - Chemistry | 0 | 2 | 0 | 0 | 20 | 53 | 67.00 | 2 | 2 | 0.00 | 0.00 |
| Fine Arts - Visual | 0 | 2 | 0 | 1 | 20 | 102 | 110.00 | 2 | 2 | 0.00 | 0.00 |
| Literature - American | 1 | 0 | 0 | 0 | 15 | 69 | 69.00 | 0 | 1 | 0.00 | 0.00 |
| Fine Arts - Other | 1 | 0 | 0 | 0 | 15 | 75 | 75.00 | 1 | 1 | 0.00 | 0.00 |
| Science - Biology | 1 | 1 | 2 | 0 | 15 | 54 | 84.50 | 1 | 1 | 0.00 | 0.00 |
| History - European | 0 | 1 | 0 | 0 | 10 | 87 | 87.00 | 1 | 1 | 0.00 | 0.00 |
| Literature - British | 0 | 1 | 0 | 1 | 10 | 126 | 126.00 | 0 | 0 | 0.00 | 0.00 |
| History - Other | 0 | 1 | 0 | 0 | 10 | 89 | 89.00 | 0 | 0 | 0.00 | 0.00 |
| Pop Culture | 0 | 0 | 1 | 0 | -5 | 0.00 | 0 | 0 | 0.00 | 0.00 |